| 000 | 01062nam a2200313 a 4500 | ||
|---|---|---|---|
| 001 | 32896 | ||
| 003 | BD-RjUL | ||
| 005 | 20211209051919.0 | ||
| 008 | 140429s1990 vau b 001 0 eng | ||
| 020 | _a0912463740 | ||
| 035 | _a(BD-RjUL)32986 | ||
| 040 |
_aDLC _cDLC _dDLC _dBD-RjUL _beng |
||
| 041 | _aeng | ||
| 082 | 0 | 0 |
_a297.1977 _220 _bABI 1990 |
| 100 | 2 |
_aAbul Fadl, Mona. _9100004 |
|
| 245 | 1 | 0 |
_aIslam and the Middle East : _bthe aesthetics of a political inquiry / _cMona Abul-Fadl. |
| 250 | _a1st ed. | ||
| 260 |
_aHerndon, Va., U.S.A. : _bInternational Institute of Islamic Thought, _c1990. |
||
| 300 |
_ax, 61 p. ; _c23 cm. |
||
| 490 | 1 |
_aResearch monographs ; _v2 |
|
| 504 | _aincludes bibliographical references and index. | ||
| 650 | 0 |
_aIslam and politics _zMiddle East. _9100005 |
|
| 651 | 0 |
_aMiddle East _xPolitics and government _y1945- _970973 |
|
| 830 | 0 |
_vno. 2. _9100008 |
|
| 830 | 0 |
_aResearch monographs (International Institute of Islamic Thought) ; _9100009 |
|
| 942 |
_2ddc _cBK |
||
| 999 |
_c32896 _d32896 |
||